| 000 -CABECERA |
| Campo de control de longitud fija |
01837nam a22003377a 4500 |
| 003 - IDENTIFICADOR DEL NÚMERO DE CONTROL |
| Campo de control |
OSt |
| 005 - FECHA Y HORA DE LA ÚLTIMA TRANSACCIÓN |
| Campo de control |
20260416115006.0 |
| 008 - CÓDIGOS DE INFORMACIÓN DE LONGITUD FIJA |
| Campo de control de longitud fija |
260416t2020 xxu||||| |||| 00| 0 eng d |
| 020 ## - NÚMERO INTERNACIONAL NORMALIZADO PARA LIBROS (ISBN) |
| Número Internacional Normalizado para Libros (ISBN) |
9783030378493 |
| 020 ## - NÚMERO INTERNACIONAL NORMALIZADO PARA LIBROS (ISBN) |
| Número Internacional Normalizado para Libros (ISBN) |
9783030378486 |
| 040 ## - FUENTE DE LA CATALOGACIÓN |
| Centro catalogador de origen |
Unicoc |
| Lengua de catalogación |
spa |
| Centro que cataloga |
Bogotá (Dr. David Ordóñez Rueda) - Campus Norte |
| Centro modificador |
Bogotá (Dr. David Ordóñez Rueda) - Campus Norte |
| 082 ## - NÚMERO DE LA CLASIFICACIÓN DECIMAL DEWEY |
| Número de clasificación |
617.695 |
| 100 ## - PUNTO DE ACCESO PRINCIPAL - NOMBRE DE PERSONA |
| 9 (RLIN) |
12974 |
| Nombre de persona |
Fok, Alex |
| 245 ## - MENCIÓN DE TÍTULO |
| Título |
Mathematical models for dental materials research |
| Mención de responsabilidad etc. |
/ Alex Fok, Hooi Pin Chew |
| 250 ## - MENCIÓN DE EDICIÓN |
| Mención de edición |
1 Ed. |
| 260 ## - PUBLICATION, DISTRIBUTION, ETC. (IMPRINT) |
| Lugar de publicación distribución etc. |
Suiza : |
| Nombre del editor distribuidor etc. |
Springer , |
| Fecha de publicación distribución etc. |
2020 |
| 300 ## - DESCRIPCIÓN FÍSICA |
| Extensión |
87 páginas |
| Otras características físicas |
Diagramas, tablas, gráficas |
| 500 ## - NOTA GENERAL |
| Nota general |
Incluye Índice y referencias bibliográficas |
| 505 ## - NOTA DE CONTENIDO CON FORMATO |
| Título |
Chapter 1. Systematic errors in longitudinal measurements. -- |
| -- |
Chapter 2. Endodontic treatment and vertical root fracture. -- |
| -- |
Chapter 3. Debonding of resin composite restorations. -- |
| -- |
Chapter 4. Attenuation of curing light through resin composite restorations. -- |
| -- |
Chapter 5. Release of ions or molecules from dental restorations. -- |
| -- |
Chapter 6. Heat generated from dental resin composites during curing. -- |
| -- |
Chapter 7. Mechanical failure of dental restorations: the weakest-link theory. -- |
| -- |
Chapter 8.Stability of dental implants. -- |
| -- |
Chapter 9. Kinetics of photo‑polymerization. |
| 526 ## - NOTA DE INFORMACIÓN SOBRE EL PROGRAMA DE ESTUDIO |
| Institución que aplica el campo |
Unicoc |
| 546 ## - NOTA DE LENGUA |
| Nota de lengua |
Inglés |
| 650 #0 - PUNTO DE ACCESO ADICIONAL DE MATERIA - TÉRMINO DE MATERIA |
| 9 (RLIN) |
60 |
| Término de materia o nombre geográfico como elemento inicial |
Materiales dentales |
| Subdivisión de forma |
Modelado matemático |
| 650 #0 - PUNTO DE ACCESO ADICIONAL DE MATERIA - TÉRMINO DE MATERIA |
| 9 (RLIN) |
5759 |
| Término de materia o nombre geográfico como elemento inicial |
Restauraciones dentales |
| 650 #0 - PUNTO DE ACCESO ADICIONAL DE MATERIA - TÉRMINO DE MATERIA |
| 9 (RLIN) |
61 |
| Término de materia o nombre geográfico como elemento inicial |
Biomateriales |
| Subdivisión de materia general |
Modelado matemático |
| 650 #0 - PUNTO DE ACCESO ADICIONAL DE MATERIA - TÉRMINO DE MATERIA |
| 9 (RLIN) |
37 |
| Término de materia o nombre geográfico como elemento inicial |
Implantes dentales |
| Subdivisión de forma |
Estabilidad |
| 650 #0 - PUNTO DE ACCESO ADICIONAL DE MATERIA - TÉRMINO DE MATERIA |
| 9 (RLIN) |
12977 |
| Término de materia o nombre geográfico como elemento inicial |
Fotopolimerización en odontología |
| 658 #0 - TÉRMINO DE INDIZACIÓN - OBJETIVO CURRICULAR |
| 9 (RLIN) |
8073 |
| Programa Académico |
Especialización en Prostodoncia |
| 700 ## - PUNTO DE ACCESO ADICIONAL - NOMBRE DE PERSONA |
| 9 (RLIN) |
12975 |
| Nombre de persona |
Pin Chew, Hooi |
| 856 ## - LOCALIZACIÓN Y ACCESO ELECTRÓNICOS |
| Texto del enlace |
Acceso online exclusivo para comunidad Unicoc |
| Identificador Uniforme del Recurso (URI) |
https://unicoceduco-my.sharepoint.com/:b:/g/personal/direccionbiblioteca_unicoc_edu_co/IQDzXYZf9xZkQ695AFNLQO68AQCrb29cyZyfoVl3Lu3h5_c |
| 942 ## - ENTRADA PARA ELEMENTOS AGREGADOS (KOHA) |
| Fuente de clasificación o esquema de ordenación en estanterías |
|
| Koha [por defecto] tipo de item |
Libro electrónico |